000 00294nam a2200133Ia 4500
041 _aKurdish
082 _a342 cut-98 ي
100 _a20260118u\\\\\\\\\\\y0engy0103\\\\ba
245 0 _aنامیلکەى دەستوریى
250 _aچ1
260 _c2004
300 _a127
942 _cBk
999 _c187934
_d187934